|
|
|
|
| LEADER |
00000nam0a2200000 4500 |
| 001 |
299623 |
| 005 |
20231102001224.0 |
| 035 |
|
|
|a (RuTPU)RU\TPU\book\324775
|
| 090 |
|
|
|a 299623
|
| 100 |
|
|
|a 20150630d1982 km y0rusy50 ca
|
| 101 |
0 |
|
|a rus
|
| 102 |
|
|
|a RU
|
| 105 |
|
|
|a a z 001zy
|
| 200 |
1 |
|
|a Приближенные методы вычисления интегралов типа Коши специального вида
|f Г. Н. Пыхтеев
|g Академия наук СССР (АН СССР), Сибирское отделение (СО), Вычислительный центр ; под ред. Б. Д. Аннина
|
| 210 |
|
|
|a Новосибирск
|c Наука
|d 1982
|
| 215 |
|
|
|a 127 с.
|c ил.
|
| 320 |
|
|
|a Библиогр.: с. 126-127
|
| 606 |
1 |
|
|a Интеграл типа Коши
|2 stltpush
|3 (RuTPU)RU\TPU\subj\12746
|9 39475
|
| 610 |
1 |
|
|a вычисления
|
| 610 |
1 |
|
|a приближенные методы
|
| 610 |
1 |
|
|a специальные функции
|
| 610 |
1 |
|
|a точные методы
|
| 610 |
1 |
|
|a аппроксимация
|
| 610 |
1 |
|
|a приближенные формулы
|
| 610 |
1 |
|
|a построение
|
| 610 |
1 |
|
|a интегралы Шварца
|
| 610 |
1 |
|
|a интегралы Гильберта
|
| 675 |
|
|
|a 517.544
|v 4
|
| 700 |
|
1 |
|a Пыхтеев
|b Г. Н.
|g Георгий Николаевич
|
| 702 |
|
1 |
|a Аннин
|b Б. Д.
|4 340
|
| 712 |
0 |
2 |
|a Академия наук СССР (АН СССР)
|b Сибирское отделение (СО)
|b Вычислительный центр
|c (Новосибирск)
|2 stltpush
|3 (RuTPU)RU\TPU\col\11456
|
| 801 |
|
1 |
|a RU
|b 63413507
|c 20150630
|
| 801 |
|
2 |
|a RU
|b 63413507
|c 20190401
|g RCR
|
| 942 |
|
|
|c BK
|